عرض عادي عرض مارك
  • الانترنت

مدخل مصطلح موضوعي

عدد التسجيلات المستخدمة في: 3

001 - رقم الضبط

  • حقل الضبط: 672

003 - معرف رقم الضبط

  • حقل الضبط: OSt

005 - تاريخ ووقت أخر عملية

  • حقل الضبط: 20110629021701.0

008 - عناصر بيانات ثابتة الطول

  • حقل تحكم ثابت الطول: 110629|||a|||||| | ||| d

040 ## - مصدر الفهرسة

  • هيئة الفهرسة الأصلية: OSt
  • وكالة الكتابة: OSt

150 ## - مدخل-- مصطلح تاريخي

  • عنصر مدخل المصطلح الموضوعي او الاسم الجغرافي: الانترنت
  • تفريع عام: قوانين وتشريعات

670 ## - بيانات المصدر موجوده

  • الاستشهاد بالمصدر: Work cat.: (OSt): ابراهيم ،حسني عبد السميع 670, الجرائم المستحدثة عن طريق الانترنت, 2011